Devinez le Pays Mystère #81 - Statistiques

Statistiques générales
  • Ce quiz a été pris 423 fois
  • Le résultat moyen est 8 sur 11
Statistiques - réponses
Type de Réponse Réponse % Correct
Lettre Trouvée A
94%
Lettre Trouvée N
94%
Lettre Bien Placée A
88%
Lettre Trouvée R
87%
Lettre Trouvée U
70%
Lettre Bien Placée N
67%
Lettre Bien Placée U
66%
Pays Mystère Nauru
59%
Lettre Bien Placée R
59%
Lettre Bien Placée U
59%
Lettre Trouvée U
59%
Aucun quiz correspondant
Distribution des résultats
% des personnes avec chaque résultat
Percentile par nombre de réponses
Votre historique - résultats
Vous n’avez pas pris ce quiz